Nuremberg Trial Defendants - Statistics

General Stats
  • This quiz has been taken 30 times
  • The average score is 6 of 22
Answer Stats
Verdict Sentence Defendant % Correct
Guilty Execution Hermann Göring
95%
Guilty Life imprisonment Rudolf Hess
68%
Guilty 20 years Albert Speer
45%
Guilty Execution Joachim von Ribbentrop
36%
Guilty Execution Julius Streicher
36%
Guilty Death in absentia Martin Bormann
36%
Guilty Execution Wilhelm Keitel
36%
Not Guilty Franz von Papen
32%
Guilty 10 years Karl Dönitz
32%
Guilty Execution Alfred Jodl
27%
Guilty Execution Alfred Rosenberg
18%
Guilty Execution Hans Frank
18%
Guilty Execution Arthur Seyss-Inquart
14%
Guilty Execution Ernst Kaltenbrunner
14%
Guilty Execution Fritz Sauckel
14%
Not Guilty Hjalmar Schacht
14%
Guilty Life imprisonment Walther Funk
14%
Guilty 20 years Baldur von Schirach
9%
Not Guilty Hans Fritzsche
9%
Guilty 15 years Konstantin von Neurath
9%
Guilty Execution Wilhelm Frick
9%
Guilty Life imprisonment Erich Raeder
0%
No matching quizzes found
Score Distribution
Percent of People with Each Score
Percentile by Number Answered
Your Score History
You have not taken this quiz